[Event "IECC CL5-2014.05 email"]
[Site "IECC email"]
[Date "2015.01.08"]
[Round "?"]
[White "Campbell, Graham G"]
[Black "Watson, Roger E"]
[Result "0-1"]
[WhiteElo "1389"]
[BlackElo "1459"]
[PlyCount "38"]
[EventDate "2015.??.??"]
[EventType "tourn (corr)"]
[EventRounds "4"]
[SourceTitle "Corr 2020"]
[Source "ChessBase"]
[SourceDate "2019.09.30"]
[SourceVersion "1"]
[SourceVersionDate "2019.09.30"]
[SourceQuality "1"]
[WhiteTeam "United States"]
[BlackTeam "United States"]
[WhiteTeamCountry "USA"]
[BlackTeamCountry "USA"]

1. e4 c5 2. Ne2 d6 3. g3 Nc6 4. Bg2 g6 5. c3 Bg7 6. d4 cxd4 7. cxd4 Nf6 8. Nbc3 0-0 9. h3 Bd7 10. 0-0 Rc8 11. Be3 e6 12. d5 exd5 13. exd5 Ne5 14. b3 Re8 15. Bxa7 b6 16. Qd4 Bxh3 17. Qxb6 Qd7 18. Nf4 Bxg2 19. Kxg2 Rxc3 0-1

[Event "IECC KO-2123"]
[Site "IECC email"]
[Date "2014.12.03"]
[Round "?"]
[White "Watson, Roger E"]
[Black "Kulkarni, Samir"]
[Result "1/2-1/2"]
[WhiteElo "1493"]
[BlackElo "1634"]
[PlyCount "85"]
[EventDate "2014.??.??"]
[EventType "match (corr)"]
[EventRounds "2"]
[SourceTitle "Corr 2020"]
[Source "ChessBase"]
[SourceDate "2019.09.30"]
[SourceVersion "1"]
[SourceVersionDate "2019.09.30"]
[SourceQuality "1"]
[WhiteTeam "United States"]
[BlackTeam "India"]
[WhiteTeamCountry "USA"]
[BlackTeamCountry "IND"]

1. e4 e5 2. Nf3 Nc6 3. Bb5 a6 4. Ba4 Nf6 5. 0-0 b5 6. Bb3 Bd6 7. Re1 0-0 8. c3 Re8 9. d3 Bb7 10. Nbd2 Bc5 11. Nf1 d6 12. Ng3 h6 13. d4 Bb6 14. h3 exd4 15. cxd4 Na5 16. Bc2 c5 17. d5 Bc8 18. Nh4 Nc4 19. Nhf5 Ba5 20. Re2 Ne5 21. Bd2 Bxd2 22. Qxd2 Bxf5 23. Nxf5 Nh5 24. b3 Ng6 25. Rae1 Nhf4 26. Re3 Qf6 27. Bd1 a5 28. Rg3 h5 29. h4 a4 30. b4 c4 31. a3 Rac8 32. Bc2 c3 33. Qd1 Rc4 34. Ree3 Qe5 35. Rgf3 Nf8 36. g3 N4g6 37. Re2 Rb8 38. Kg2 Nd7 39. Bd3 Rc7 40. Rfe3 Nf6 41. f4 Qe8 42. Nxd6 Qd7 43. Nf5 1/2-1/2

[Event "IECC CL5-2014.01 email"]
[Site "IECC email"]
[Date "2014.03.24"]
[Round "?"]
[White "Watson, Roger E"]
[Black "Ridding, Mark Frank"]
[Result "1/2-1/2"]
[WhiteElo "1455"]
[BlackElo "1517"]
[PlyCount "42"]
[EventDate "2014.??.??"]
[EventType "tourn (corr)"]
[EventRounds "4"]
[SourceTitle "Corr 2020"]
[Source "ChessBase"]
[SourceDate "2019.09.30"]
[SourceVersion "1"]
[SourceVersionDate "2019.09.30"]
[SourceQuality "1"]
[WhiteTeam "United States"]
[BlackTeam "England"]
[WhiteTeamCountry "USA"]
[BlackTeamCountry "ENG"]

1. e4 e6 2. d4 d5 3. Nd2 c5 4. exd5 exd5 5. Ngf3 Nf6 6. Bb5+ Bd7 7. Bxd7+ Nbxd7 8. 0-0 Be7 9. dxc5 Nxc5 10. Nb3 Nce4 11. Nfd4 0-0 12. Nf5 Re8 13. Nxe7+ Qxe7 14. Be3 Qc7 15. Bd4 Re6 16. f3 Nd6 17. Qd3 Nh5 18. g3 Nc4 19. Rae1 Nxg3 20. Rxe6 fxe6 21. hxg3 Qxg3+ 1/2-1/2

[Event "IECC Swiss email"]
[Site "IECC email"]
[Date "2002.08.11"]
[Round "?"]
[White "Szokol, Imre"]
[Black "Watson, Roger E"]
[Result "0-1"]
[WhiteElo "1708"]
[BlackElo "1415"]
[PlyCount "74"]
[EventDate "2002.??.??"]
[EventType "tourn (corr)"]
[EventRounds "6"]
[SourceTitle "Corr 2008"]
[Source "ChessBase"]
[SourceDate "2008.06.24"]
[SourceVersion "1"]
[SourceVersionDate "2008.06.24"]
[SourceQuality "1"]

1. e4 c6 2. d4 d5 3. e5 Bf5 4. Nf3 e6 5. Be2 c5 6. c3 Nc6 7. 0-0 cxd4 8. cxd4 Nge7 9. a3 Nc8 10. b4 Be7 11. Bb2 0-0 12. Nbd2 Nb6 13. Rc1 Rc8 14. Re1 a5 15. b5 Na7 16. Nf1 Rxc1 17. Bxc1 a4 18. Ne3 Be4 19. Nd2 Bg6 20. Bf1 f6 21. exf6 Bxf6 22. Bb2 Be8 23. Ng4 Nxb5 24. Bxb5 Bxb5 25. Rxe6 Bg5 26. Nf3 Nc4 27. Nge5 Bf6 28. Nxc4 dxc4 29. Re1 Qd5 30. Ne5 Re8 31. Bc3 Be7 32. Qc1 Bd6 33. h3 Re6 34. f4 Bc6 35. Nxc6 bxc6 36. Rxe6 Qxe6 37. Kf2 Qf6 0-1

[Event "IECC P email"]
[Site "IECC email"]
[Date "2001.08.29"]
[Round "?"]
[White "Watson, Roger E"]
[Black "Venturas, Bob"]
[Result "1-0"]
[WhiteElo "1328"]
[BlackElo "1116"]
[PlyCount "67"]
[EventDate "2001.??.??"]
[EventType "tourn (corr)"]
[EventRounds "6"]
[SourceTitle "Corr 2008"]
[Source "ChessBase"]
[SourceDate "2008.06.24"]
[SourceVersion "1"]
[SourceVersionDate "2008.06.24"]
[SourceQuality "1"]

1. e4 e5 2. Nf3 Nf6 3. Nc3 Bb4 4. Nxe5 Qe7 5. Nd3 Bxc3 6. dxc3 d5 7. e5 Ne4 8. Be3 Nc6 9. Nf4 Qxe5 10. Qxd5 Qxd5 11. Nxd5 0-0 12. Nxc7 Rb8 13. 0-0-0 Bf5 14. Bb5 a6 15. Bxc6 bxc6 16. f3 Nf6 17. Nxa6 Rbc8 18. Rhe1 Rfe8 19. c4 Be6 20. b3 Nd7 21. a4 Re7 22. Bg5 f6 23. Bf4 Nf8 24. Nc5 Ree8 25. Rd6 Bf7 26. Rxe8 Bxe8 27. a5 Ra8 28. a6 Ng6 29. Bd2 Nh4 30. Ba5 Nf5 31. Rd8 Ra7 32. Rxe8+ Kf7 33. Rb8 Nd6 34. Bb6 1-0

[Event "IECC Swiss email"]
[Site "IECC email"]
[Date "2001.07.30"]
[Round "?"]
[White "Stone, Stephan"]
[Black "Watson, Roger E"]
[Result "0-1"]
[WhiteElo "1428"]
[BlackElo "1334"]
[PlyCount "32"]
[EventDate "2001.??.??"]
[EventType "tourn (corr)"]
[EventRounds "6"]
[SourceTitle "Corr 2008"]
[Source "ChessBase"]
[SourceDate "2008.06.24"]
[SourceVersion "1"]
[SourceVersionDate "2008.06.24"]
[SourceQuality "1"]

1. e4 d6 2. d4 Nf6 3. Nc3 g6 4. Nf3 Bg7 5. h3 0-0 6. Bf4 c5 7. dxc5 Qa5 8. Qd2 Qxc5 9. Bd3 Nc6 10. 0-0 Rd8 11. a3 Qa5 12. Rab1 e5 13. Be3 a6 14. b4 Qc7 15. Na4 Qe7 16. Nb6 Rb8 0-1

[Event "IECC CL6-2001.02"]
[Site "IECC email"]
[Date "2001.01.13"]
[Round "?"]
[White "Walter, Waldir Jr"]
[Black "Watson, Roger E"]
[Result "0-1"]
[WhiteElo "1165"]
[BlackElo "1269"]
[PlyCount "50"]
[EventDate "2001.??.??"]
[EventType "tourn (corr)"]
[EventRounds "4"]
[SourceTitle "Corr 2008"]
[Source "ChessBase"]
[SourceDate "2008.06.24"]
[SourceVersion "1"]
[SourceVersionDate "2008.06.24"]
[SourceQuality "1"]

1. e4 c5 2. Nc3 Nc6 3. Nf3 g6 4. Bc4 Bg7 5. 0-0 e6 6. d3 Nge7 7. Be3 d5 8. Bd2 dxc4 9. dxc4 0-0 10. b3 b6 11. Nd5 exd5 12. exd5 Ne5 13. c3 Bg4 14. h3 Nxf3+ 15. gxf3 Bh5 16. Re1 Nf5 17. Kf1 Re8 18. Rxe8+ Qxe8 19. Qe2 Qxe2+ 20. Kxe2 Re8+ 21. Kd3 Bxf3 22. Re1 Rxe1 23. Bxe1 Bh6 24. Bd2 Bxd2 25. Kxd2 Kf8 0-1

[Event "IECC CL6-2000.33"]
[Site "IECC email"]
[Date "2000.11.11"]
[Round "?"]
[White "Radding, Marvin"]
[Black "Watson, Roger E"]
[Result "0-1"]
[WhiteElo "1190"]
[BlackElo "1274"]
[PlyCount "48"]
[EventDate "2000.??.??"]
[EventType "tourn (corr)"]
[EventRounds "4"]
[SourceTitle "Corr 2008"]
[Source "ChessBase"]
[SourceDate "2008.06.24"]
[SourceVersion "1"]
[SourceVersionDate "2008.06.24"]
[SourceQuality "1"]

1. e4 c6 2. d4 d5 3. Nc3 dxe4 4. f3 exf3 5. Nxf3 Bf5 6. Bc4 e6 7. 0-0 Nf6 8. Ne5 Bxc2 9. Qe2 Qxd4+ 10. Kh1 Qd6 11. Bf4 Qe7 12. Qxc2 Nbd7 13. Nxd7 Nxd7 14. Ne4 Qb4 15. Rad1 Nb6 16. Bd6 Qxc4 17. Qxc4 Nxc4 18. Bf4 Nb6 19. Bd6 Nd5 20. Bxf8 Rxf8 21. Nd6+ Ke7 22. Nxb7 Ne3 23. Nc5 Nxd1 24. Rxd1 Rfd8 0-1

[Event "IECC CL6-2000.25"]
[Site "IECC email"]
[Date "2000.07.27"]
[Round "?"]
[White "Watson, Roger E"]
[Black "Soldini, Paolo"]
[Result "0-1"]
[WhiteElo "1418"]
[BlackElo "1274"]
[PlyCount "58"]
[EventDate "2000.??.??"]
[EventType "tourn (corr)"]
[EventRounds "4"]
[SourceTitle "Corr 2008"]
[Source "ChessBase"]
[SourceDate "2008.06.24"]
[SourceVersion "1"]
[SourceVersionDate "2008.06.24"]
[SourceQuality "1"]

1. e4 e5 2. Nc3 Nf6 3. Nf3 Nc6 4. d4 exd4 5. Nxd4 Bb4 6. Nxc6 Bxc3+ 7. bxc3 bxc6 8. Bd3 0-0 9. 0-0 d5 10. e5 Ng4 11. Bf4 f6 12. exf6 Nxf6 13. Bg5 Qd6 14. Bh4 Be6 15. Bg3 Qd7 16. h3 c5 17. f3 c4 18. Be2 c5 19. a4 Nh5 20. Bh2 Nf4 21. Bxf4 Rxf4 22. g4 Raf8 23. a5 g5 24. Rf2 Qc7 25. Kg2 d4 26. a6 h5 27. gxh5 Bxh3+ 28. Kg1 Rg4+ 29. Kh1 Rh4 0-1

[Event "IECC Swiss email"]
[Site "IECC email"]
[Date "2000.03.11"]
[Round "?"]
[White "Watson, Roger E"]
[Black "Gould, Michael"]
[Result "1/2-1/2"]
[WhiteElo "1382"]
[BlackElo "1538"]
[PlyCount "45"]
[EventDate "2000.??.??"]
[EventType "tourn (corr)"]
[EventRounds "6"]
[SourceTitle "Corr 2008"]
[Source "ChessBase"]
[SourceDate "2008.06.24"]
[SourceVersion "1"]
[SourceVersionDate "2008.06.24"]
[SourceQuality "1"]

1. e4 e5 2. Nf3 Nc6 3. Nc3 g6 4. d4 exd4 5. Nxd4 Bg7 6. Be3 Nf6 7. Qd2 Nxd4 8. Bxd4 0-0 9. 0-0-0 d6 10. f3 Be6 11. g4 a6 12. g5 Nh5 13. Bxg7 Nxg7 14. f4 f6 15. h4 Bg4 16. Bc4+ Kh8 17. Be2 Bh5 18. Bxh5 Nxh5 19. f5 Kg7 20. fxg6 hxg6 21. gxf6+ Rxf6 22. Rhg1 Rf8 23. Rg5 1/2-1/2

[Event "IECC P email"]
[Site "IECC email"]
[Date "1999.12.28"]
[Round "?"]
[White "Watson, Roger E"]
[Black "Maisonneuve, Paul"]
[Result "1/2-1/2"]
[WhiteElo "1482"]
[BlackElo "1651"]
[PlyCount "63"]
[EventDate "1999.??.??"]
[EventType "tourn (corr)"]
[EventRounds "6"]
[SourceTitle "Corr 2008"]
[Source "ChessBase"]
[SourceDate "2008.06.24"]
[SourceVersion "1"]
[SourceVersionDate "2008.06.24"]
[SourceQuality "1"]

1. e4 d6 2. d4 Nf6 3. Nc3 c6 4. f4 Qa5 5. Bd3 e5 6. Nf3 Bg4 7. Be3 d5 8. Bd2 dxe4 9. Nxe4 Qd5 10. Nxf6+ gxf6 11. dxe5 fxe5 12. Qe2 Nd7 13. Bc3 Bg7 14. Bc4 Qc5 15. Bxf7+ Kf8 16. 0-0-0 e4 17. Qxe4 Bxc3 18. bxc3 Kxf7 19. Rxd7+ Bxd7 20. Ne5+ Kg7 21. Nxd7 Qa3+ 22. Kb1 Qd6 23. Qd4+ Qxd4 24. cxd4 Kg6 25. g4 h5 26. Ne5+ Kf6 27. g5+ Kf5 28. Rf1 h4 29. h3 Rhe8 30. Kc1 Rad8 31. c3 Rd5 32. Kc2 1/2-1/2